000 00189nam a2200109Ia 4500
100 _a#N/A
942 _cBK
245 _aLINUX Mint 14
260 _b#N/A
546 _aENGLISH
999 _c20096
_d20096